000 00398nam a2200169Ia 4500
003 0STCL
008 150530s9999 xx 000 0 und d
040 _aSTCL
_cSTCL
100 _aKreyzig Erwin
245 _aAdvanced engineering mathematics
250 _aFourth
260 _bNew age international
_c1994
546 _aEnglish
942 _2ddc
_cBK
999 _c24842
_d24842
005 20220125170023.0